01281naa#a2200229#i#4500001001600000005001700016011001400033100004100047102000700088200018800095210012500283215001000408606005700418608004500475675010600520686012700626686007700753686008000830700005800910700006200968856002101030RU\\bibl\12070220260426232315.7##a0235-2524##a20260416b2026####ek#y0rusy0150####ca##aRU1#aПовышение эффективности применения поливных трубопроводов капельного орошенияeЖурнальная статья1#aМоскваcАНО «Редакция журнала «Мелиорация и водное хозяйство»d2026##a4 с.##aСельское хозяйство. 35.06.012local##aЖурнальная статья2local##aСпособы орошения (полив). 631.674aКапельное орошение. 631.674.6##aЕстественнонаучные и технические основы сельского хозяйства. 402bbk##aСельскохозяйственная мелиорация. 56072tbk##aСельскохозяйственная мелиорация. 68.312grnti#1aГрушинgАлексей Владимирович#1aКоломеецgАнастасия Валерьевна4#amivh.editorum.ru